| 000 | 00853nam a22002651 4500 | ||
|---|---|---|---|
| 001 | 105390 | ||
| 003 | ES-MaACL | ||
| 005 | 20240320062610.0 | ||
| 007 | t| | ||
| 008 | 060704s1944 sp ||||0| spa d | ||
| 016 | 7 | _zIND9600723319 | |
| 040 |
_aM-BN _bspa _cCDM |
||
| 080 | _a86-822"15/19" | ||
| 245 | 0 | 3 |
_aLa preocupación de España en su literatura _b: antología / _cDolores Franco ; prólogo de Azorín. |
| 260 |
_aMadrid : _bAdán, _c1944. |
||
| 300 |
_a4 h., 420 p., 2 h., 9 lám ; _c23 cm. |
||
| 490 | 1 |
_aLa meditación literaria ; _v1 |
|
| 500 | _aBiblioteca Juan Andrade. | ||
| 651 | 4 |
_aEspaña- _xEn la literatura. _98195 |
|
| 700 | 1 |
_aFranco, Dolores. _952220 |
|
| 700 | 0 |
_aAzorín, _d1873-1967 _924326 |
|
| 830 | 0 |
_aLa meditación literaria ; _v1 _9232714 |
|
| 852 |
_aES-MaACL _jAND-186 _bR.109484 |
||
| 999 |
_c105390 _d105390 |
||